000
00360nam a2200157 a 4500
001
4143
003
MO
005
20170315082830.0
008
090223s19uu xx 00 eng d
050
_a
TR
_b
D55 1982
100
_a
Dickens, Charles
245
_a
Oliver Twist.
260
_a
New York :
_b
A Bantam Book,
_c
1982.
942
_2
ddc
_c
BK
999
_c
110752
_d
110752